00673nam a2200277Ia 4500008004100000020001900041100001600060245003100076245001600107260001500123260002000138260000900158300001700167300001100184500002600195650001800221650002000239650001300259650001800272650001500290650001600305650002200321650002200343650002200365700000800387160803s9999 xx 000 0 und d a978-0590453660 aStine, R.L  aStay out of the basement / cR.L. Stine. aNew York : bScholastic Inc. c1992 a122 pages ;  c20 cm. a"An Apple paperpack." aBotanists --  aExperiments --  aFiction. aHorror tales. aPlants --  xFathers --  xJuvenile fiction. xJuvenile fiction. xJuvenile fiction. a600